000 00913ngm a22003610a 4500
001 PT47331
003 AR-LpoUNG
005 20210202000013.0
007 vd cvaizq
008 191001s2008||||ag |||||||||||||||||eng d
040 _aAR-LpoUNG
_bspa
_cAR-LpoUNG
_eaacr
041 _aeng
_afre
_aspa
044 _aag
082 0 _a303.66 624v11
100 1 _aHibbs, Jesse
_edir.
245 1 0 _aRegreso del infierno
260 _aSan Luis :
_bAVH,
_c2008.
300 _aDVD (107 min.) : son., col.
505 0 _aSubtitulada en castellano y francés.
650 4 _aESTADOS UNIDOS
650 4 _aFUERZAS ARMADAS
650 4 _aGUERRA
650 4 _aJUSTICIA
650 4 _aPELICULAS
650 4 _aRELACIONES PERSONALES
651 4 _aDOCUMENTOS TEORICOS O METODOLOGICOS
653 _aACCION
653 _aCINE ESTADOUNIDENSE
653 _aDVD
653 _aVIDEOS
905 _a47331
942 _cDVD
999 _c53948
_d53948